000 00544nam a22001697a 4500
003 LC
005 20231108115938.0
008 151126b xxu||||| |||| 00| 0 eng d
020 _a9787561921036
050 _aTR IB PL 1129 .Y19 2008
100 _aMa, Yamin
245 _aEasy steps to chinese 5 textbook :
_bsimplified character version
_cYamin Ma, Xinying Li
260 _aBeijing : China
_bBeijing Language and Culture University Press
_c2008
300 _a159 pages.,
_bcol.,ill.;
_c28 cm.
700 _aLi, Xinying
942 _2lcc
_cBK
999 _c288985
_d288985